50 best football teams in the world - Statistics

General Stats
  • This quiz has been taken 78 times
  • The average score is 29 of 50
Answer Stats
No. Country Team % Correct
1 Germany Bayern Munich
98%
2 England Liverpool
97%
8 Spain Barcelona
93%
10 Italy AC Milan
90%
7 England Chelsea
90%
3 France PSG
90%
5 Spain Real Madrid
90%
9 Italy Inter Milan
85%
6 Spain Atletico Madrid
83%
12 Italy Juventus
83%
19 Netherlands Ajax
76%
13 England Arsenal
76%
21 Germany Borussia dortmund
75%
14 England Tottenham
73%
4 England Man city
71%
40 Portugal Porto
69%
31 Italy Napoli
68%
29 Scotland Rangers
66%
38 Portugal Benfica
63%
36 Scotland Celtic
63%
24 France Lyon
63%
25 France Marseille
63%
20 Italy Roma
63%
34 Spain Sevilla
63%
17 Spain Valencia
63%
26 France Monaco
61%
28 Netherlands Feyenoord
58%
48 Netherlands PSV
58%
11 Spain Villarreal
56%
16 France Lille
53%
18 England Man united
53%
41 England West Ham
53%
23 England Leicester
51%
33 Germany Leipzig
51%
49 Portugal Sporting
49%
35 Germany Leverkusen
47%
27 Spain Real betis
47%
42 Turkey Fenerbahce
41%
45 France OGC Nice
41%
22 Germany Frankfurt
39%
43 France Nantes
37%
44 Portugal Braga
34%
30 England Wolves
34%
47 Spain Celta Vigo
27%
39 Ukraine Shakhtar Donetsk
27%
46 Germany Wolfsburg
27%
37 Austria RB Salzburg
24%
50 England Crystal Palace
20%
15 Italy Atlanta
17%
32 Italy Latium
5%
No matching quizzes found
Score Distribution
Percent of People with Each Score
Percentile by Number Answered
Your Score History
You have not taken this quiz